000 01625cam a22003854a 4500
001 8127
003 FISKH
005 20250905122530.0
008 081119s2009 utua j 000 0 eng
010 _a 2008049632
020 _a9781423604914
020 _a9781423604914
020 _a1423604911
040 _aDLC
_cDLC
_dDLC
_beng
050 0 0 _aGV1029.9.S74
_bB57 2009
082 0 0 _a796.72
_222
100 1 _aBlakemore, Sally.
245 1 0 _aNASCAR pop-up :
_ba guide to the sport /
_cSally Blakemore ; illustrations by Doug Chezem.
260 _aLayton, Utah :
_bGibbs Smith,
_c2009.
300 _a10 unnumbered pages :
_bcolor illustrations ;
_c26 cm.
336 _atext
_btxt
_2rdacontent
337 _aunmediated
_bn
_2rdamedia
338 _avolume
_bnc
_2rdacarrier
520 _aWith more than 25 pop-ups, pull tabs, and moveable parts, as well as 75 full-color illustrations and a 12-second sound chip, NASCAR Pop-Up is THE ultimate interactive guide to the sport.
650 0 _aStock car racing
_vJuvenile literature.
650 0 _aStock cars (Automobiles)
_vJuvenile literature.
650 0 _aToy and movable books
_vSpecimens.
655 7 _aLiterature.
_2lcgft
_0https://id.loc.gov/authorities/genreForms/gf2014026415
856 4 2 _3Contributor biographical information
_uhttp://www.loc.gov/catdir/enhancements/fy0908/2008049632-b.html
856 4 2 _3Publisher description
_uhttp://www.loc.gov/catdir/enhancements/fy0908/2008049632-d.html
906 _a7
_bcbc
_corignew
_d1
_eecip
_f20
_gy-gencatlg
942 _2ddc
_cBK
_n0
999 _c8127
_d8127